[Event "XLI Open Internacional de Barberà del Vallès "A""]
[Site "C/ Torre d’en Gorgs, nº 40, Barberà del Vallès (Barcelona)"]
[Date "2018.07.06"]
[Round "3.2"]
[White "Ortiz Suarez, Isan Reynaldo"]
[Black "Mohammad, Nubairshah Shaikh"]
[Result "*"]
[WhiteElo "2548"]
[BlackElo "2441"]
[PlyCount "0"]
[EventDate "2018.07.04"]

1. e4 {[%clk 1:30:57]} c6 {[%clk 1:30:55]} 2. d4 {[%clk 1:31:15]} d5
{[%clk 1:31:19]} 3. e5 {[%clk 1:31:21]} c5 {[%clk 1:31:38]} 4. dxc5
{[%clk 1:31:08]} e6 {[%clk 1:32:05]} 5. a3 {[%clk 1:31:09]} Nc6 {[%clk 1:32:17]}
6. Nf3 {[%clk 1:31:24]} Bxc5 {[%clk 1:32:44]} 7. b4 {[%clk 1:31:36]} Bb6
{[%clk 1:32:57]} 8. Bb2 {[%clk 1:31:45]} f6 {[%clk 1:32:56]} 9. Bd3
{[%clk 1:31:01]} fxe5 {[%clk 1:33:10]} 10. O-O {[%clk 1:30:46]} Nf6
{[%clk 1:31:48]} 11. Nxe5 {[%clk 1:31:05]} O-O {[%clk 1:32:12]} 12. Nd2
{[%clk 1:30:23]} a5 {[%clk 1:30:45]} 13. b5 {[%clk 1:18:48]} Nxe5
{[%clk 1:29:59]} 14. Bxe5 {[%clk 1:19:13]} Qe7 {[%clk 1:30:16]} 15. c4
{[%clk 1:18:49]} Bd7 {[%clk 1:29:08]} 16. a4 {[%clk 1:12:02]} Rac8
{[%clk 1:25:34]} 17. Rc1 {[%clk 1:11:55]} Be8 {[%clk 1:00:00]} 18. Nb3
{[%clk 1:10:46]} Nd7 {[%clk 0:55:36]} 19. Bg3 {[%clk 1:08:21]} Qb4
{[%clk 0:35:17]} 20. cxd5 {[%clk 1:06:48]} Rxc1 {[%clk 0:35:19]} 21. Nxc1
{[%clk 1:07:14]} exd5 {[%clk 0:35:35]} 22. Bc2 {[%clk 1:07:35]} Bf7
{[%clk 0:24:01]} 23. Nd3 {[%clk 1:07:47]} Qd4 {[%clk 0:23:05]} 24. Bb3
{[%clk 0:57:20]} Rc8 {[%clk 0:14:16]} 25. Nf4 {[%clk 0:48:48]} Qxd1
{[%clk 0:08:19]} 26. Bxd1 {[%clk 0:48:18]} Nf6 {[%clk 0:06:45]} 27. Bf3
{[%clk 0:43:44]} Rc4 {[%clk 0:04:34]} 28. Bd1 {[%clk 0:40:41]} Rc3
{[%clk 0:03:20]} 29. Ne2 {[%clk 0:40:11]} Rd3 {[%clk 0:03:41]} 30. Nc1
{[%clk 0:39:55]} Rc3 {[%clk 0:03:14]} 31. Ne2 {[%clk 0:40:00]} Rd3
{[%clk 0:03:37]} 32. Nc1 {[%clk 0:40:22]} Ra3 {[%clk 0:02:38]} 33. Bd6
{[%clk 0:33:38]} Ra1 {[%clk 0:03:02]} 34. Bc2 {[%clk 0:33:43]} Ng4
{[%clk 0:02:07]} 35. Nd3 {[%clk 0:32:18]} Ra2 {[%clk 0:00:43]} 36. Bd1
{[%clk 0:32:13]} Bg6 {[%clk 0:00:40]} 37. Nc5 {[%clk 0:32:15]} Nf6
{[%clk 0:00:34]} 38. Bb3 {[%clk 0:29:52]} Ra3 {[%clk 0:00:36]} 39. Bd1
{[%clk 0:27:18]} Rc3 {[%clk 0:00:50]} 40. Nxb7 {[%clk 0:26:00]} Bd3
{[%clk 0:01:19]} 41. Be5 {[%clk 0:26:06]} Rc1 {[%clk 0:01:35]} 42. Be2
{[%clk 0:26:13]} Rxf1+ {[%clk 0:00:43]} 43. Kxf1 {[%clk 0:26:30]} Bc2
{[%clk 0:00:44]} 44. Bc3 {[%clk 0:24:08]} d4 {[%clk 0:00:34]} 45. Bc4+
{[%clk 0:24:11]} Kf8 {[%clk 0:01:03]} 46. Bxa5 {[%clk 0:23:12]} Bxa5
{[%clk 0:01:06]} 47. Nxa5 {[%clk 0:23:38]} Bxa4 {[%clk 0:01:32]} 48. Ke2
{[%clk 0:21:55]} Bc2 {[%clk 0:00:37]} 49. b6 {[%clk 0:21:06]} Nd7
{[%clk 0:01:00]} 50. b7 {[%clk 0:21:27]} Nb8 {[%clk 0:00:33]} 51. Bd5
{[%clk 0:20:39]} Ba4 {[%clk 0:00:42]} 52. Kd3 {[%clk 0:21:02]} Ke7
{[%clk 0:01:02]} 53. Kxd4 {[%clk 0:21:17]} Kd6 {[%clk 0:01:28]} 54. Be4
{[%clk 0:19:03]} h6 {[%clk 0:01:51]} 55. Nc4+ {[%clk 0:19:07]} Kc7
{[%clk 0:02:16]} 56. Ne3 {[%clk 0:19:23]} Bc6 {[%clk 0:00:36]} 57. Nf5
{[%clk 0:19:35]} Kxb7 {[%clk 0:00:32]} 58. Nxg7 {[%clk 0:19:56]} Nd7
{[%clk 0:00:39]} 59. Nf5 {[%clk 0:20:02]} h5 {[%clk 0:01:04]} 60. Nd6+
{[%clk 0:17:33]} Kb6 {[%clk 0:00:52]} 61. Nc4+ {[%clk 0:17:55]} Kc7
{[%clk 0:01:05]} 62. Bxc6 {[%clk 0:18:20]} Kxc6 {[%clk 0:01:15]} 63. Ne5+
{[%clk 0:18:45]} Kd5+ 64. Ke4+ 1-0

[Event "XLI Open Internacional de Barberà del Vallès "A""]
[Site "C/ Torre d’en Gorgs, nº 40, Barberà del Vallès (Barcelona)"]
[Date "2018.07.06"]
[Round "3.3"]
[White "Martinez Alcantara, Jose Eduardo"]
[Black "Raghunandan, Kaumandur Srihari"]
[Result "*"]
[WhiteElo "2545"]
[BlackElo "2417"]
[PlyCount "0"]
[EventDate "2018.07.04"]

1. e4 {[%clk 1:30:56]} c5 {[%clk 1:30:51]} 2. Nf3 {[%clk 1:31:22]} d6
{[%clk 1:31:16]} 3. Bb5+ {[%clk 1:31:47]} Nd7 {[%clk 1:31:22]} 4. O-O
{[%clk 1:32:10]} a6 {[%clk 1:31:40]} 5. Bd3 {[%clk 1:32:36]} Ngf6
{[%clk 1:31:57]} 6. Re1 {[%clk 1:32:54]} e6 {[%clk 1:32:07]} 7. c3
{[%clk 1:31:08]} b5 {[%clk 1:32:23]} 8. Bc2 {[%clk 1:31:34]} c4 {[%clk 1:32:40]}
9. a4 {[%clk 1:31:55]} Bb7 {[%clk 1:32:11]} 10. axb5 {[%clk 1:32:06]} axb5
{[%clk 1:32:33]} 11. Rxa8 {[%clk 1:32:33]} Qxa8 {[%clk 1:32:42]} 12. Na3
{[%clk 1:33:00]} Bxe4 {[%clk 1:24:55]} 13. Bxe4 {[%clk 1:13:12]} Nxe4
{[%clk 1:25:18]} 14. d3 {[%clk 1:12:07]} cxd3 {[%clk 1:25:25]} 15. Qxd3
{[%clk 1:12:20]} d5 {[%clk 1:22:45]} 16. Nxb5 {[%clk 1:11:30]} Qb7
{[%clk 1:16:08]} 17. b4 {[%clk 0:54:57]} Be7 {[%clk 1:14:05]} 18. Bg5
{[%clk 0:47:37]} Nxg5 {[%clk 0:51:34]} 19. Nxg5 {[%clk 0:48:05]} Qb6
{[%clk 0:44:50]} 20. Nxe6 {[%clk 0:44:35]} fxe6 {[%clk 0:45:16]} 21. Rxe6
{[%clk 0:45:01]} Qxe6 {[%clk 0:45:20]} 22. Nc7+ {[%clk 0:45:30]} Kf7
{[%clk 0:45:43]} 23. Nxe6 {[%clk 0:45:56]} Kxe6 {[%clk 0:46:08]} 24. Qh3+
{[%clk 0:45:32]} Kd6 {[%clk 0:46:32]} 25. Qg3+ {[%clk 0:45:58]} Ke6
{[%clk 0:41:00]} 26. Qg4+ {[%clk 0:46:24]} Kd6 {[%clk 0:41:07]} 27. Qxg7
{[%clk 0:35:06]} Bf6 {[%clk 0:32:01]} 28. Qh6 {[%clk 0:30:54]} Re8
{[%clk 0:23:12]} 29. g4 {[%clk 0:31:06]} Re6 {[%clk 0:23:37]} 30. Qf4+
{[%clk 0:30:42]} Be5 {[%clk 0:22:25]} 31. Qd2 {[%clk 0:29:31]} Nb6
{[%clk 0:12:13]} 32. f4 {[%clk 0:25:16]} Bg7 {[%clk 0:12:30]} 33. Qf2
{[%clk 0:22:55]} d4 {[%clk 0:09:40]} 34. f5 {[%clk 0:23:04]} Re4 {[%clk 0:10:03]}
35. f6 {[%clk 0:21:24]} Rxg4+ {[%clk 0:10:16]} 36. Kh1 {[%clk 0:21:43]} Bh6
{[%clk 0:10:24]} 37. Qf5 {[%clk 0:19:02]} Rg5 {[%clk 0:10:30]} 38. Qxh7
{[%clk 0:18:55]} Bf8 {[%clk 0:10:50]} 39. Qh8 {[%clk 0:16:28]} Nd7
{[%clk 0:11:13]} 40. Qh4 {[%clk 0:16:51]} Rd5 {[%clk 0:10:59]} 41. c4
{[%clk 0:17:13]} Rf5 {[%clk 0:11:26]} 42. Qxd4+ {[%clk 0:17:30]} Ke6
{[%clk 0:11:25]} 43. Qe4+ {[%clk 0:16:46]} Kxf6 {[%clk 0:11:06]} 44. Qc6+
{[%clk 0:17:14]} Ke7 {[%clk 0:11:30]} 45. c5 {[%clk 0:17:36]} Rf1+
{[%clk 0:05:22]} 46. Kg2 {[%clk 0:18:02]} Rf6 {[%clk 0:05:43]} 47. Qb7
{[%clk 0:17:36]} Rg6+ {[%clk 0:05:30]} 48. Kh1 {[%clk 0:17:56]} 1-0

[Event "XLI Open Internacional de Barberà del Vallès "A""]
[Site "C/ Torre d’en Gorgs, nº 40, Barberà del Vallès (Barcelona)"]
[Date "2018.07.06"]
[Round "3.9"]
[White "Abhishek, Das"]
[Black "Stella, Andrea"]
[Result "*"]
[WhiteElo "2325"]
[BlackElo "2504"]
[PlyCount "0"]
[EventDate "2018.07.04"]

1. e4 {[%clk 1:30:40]} e5 {[%clk 1:30:46]} 2. Nf3 {[%clk 1:30:52]} Nc6
{[%clk 1:31:06]} 3. Nc3 {[%clk 1:31:17]} Nf6 {[%clk 1:31:09]} 4. Bb5
{[%clk 1:31:39]} Bc5 {[%clk 1:31:23]} 5. O-O {[%clk 1:31:36]} O-O
{[%clk 1:31:23]} 6. Nxe5 {[%clk 1:31:31]} Nxe5 {[%clk 1:31:42]} 7. d4
{[%clk 1:31:53]} Bd6 {[%clk 1:32:02]} 8. f4 {[%clk 1:32:13]} Nc6 {[%clk 1:31:36]}
9. e5 {[%clk 1:32:33]} Be7 {[%clk 1:31:31]} 10. d5 {[%clk 1:32:56]} Nb4
{[%clk 1:31:42]} 11. exf6 {[%clk 1:33:10]} Bxf6 {[%clk 1:31:57]} 12. a3
{[%clk 1:25:33]} Bxc3 {[%clk 1:31:38]} 13. bxc3 {[%clk 1:25:55]} Nxd5
{[%clk 1:31:59]} 14. Qxd5 {[%clk 1:26:17]} c6 {[%clk 1:32:23]} 15. Qd4
{[%clk 1:26:09]} cxb5 {[%clk 1:32:35]} 16. f5 {[%clk 1:26:14]} f6
{[%clk 1:25:26]} 17. Qd6 {[%clk 0:59:46]} Qb6+ {[%clk 1:18:48]} 18. Qxb6
{[%clk 1:00:07]} axb6 {[%clk 1:19:14]} 19. Be3 {[%clk 0:45:29]} d5
{[%clk 1:09:41]} 20. Bxb6 {[%clk 0:42:21]} Re8 {[%clk 1:09:48]} 21. Bd4
{[%clk 0:37:30]} Re2 {[%clk 1:07:09]} 22. g4 {[%clk 0:36:58]} Bd7
{[%clk 1:03:21]} 23. Rae1 {[%clk 0:29:54]} Re4 {[%clk 0:58:31]} 24. Rxe4
{[%clk 0:27:37]} dxe4 {[%clk 0:58:57]} 25. Re1 {[%clk 0:27:32]} Bc6
{[%clk 0:58:34]} 26. Bc5 {[%clk 0:24:22]} Rd8 {[%clk 0:54:23]} 27. Kf2
{[%clk 0:21:15]} h5 {[%clk 0:52:35]} 28. h3 {[%clk 0:20:36]} Kf7 {[%clk 0:52:37]}
29. Bd4 {[%clk 0:19:26]} Ra8 {[%clk 0:51:21]} 30. Ra1 {[%clk 0:16:40]} Rg8
{[%clk 0:42:09]} 31. Kg3 {[%clk 0:15:49]} Re8 {[%clk 0:35:40]} 32. Re1
{[%clk 0:15:54]} Ra8 {[%clk 0:28:54]} 33. Ra1 {[%clk 0:16:16]} Bd5
{[%clk 0:29:14]} 34. Kf4 {[%clk 0:15:51]} hxg4 {[%clk 0:28:01]} 35. hxg4
{[%clk 0:16:15]} Rh8 {[%clk 0:28:19]} 36. Kg3 {[%clk 0:16:12]} Bc4
{[%clk 0:28:37]} 37. Re1 {[%clk 0:15:51]} Bd5 {[%clk 0:28:27]} 38. Rg1
{[%clk 0:15:03]} Bc6 {[%clk 0:28:31]} 39. Re1 {[%clk 0:14:57]} Rg8
{[%clk 0:27:23]} 40. Kf4 {[%clk 0:14:59]} Rh8 {[%clk 0:26:50]} 41. Kg3
{[%clk 0:15:27]} Rh6 {[%clk 0:27:02]} 42. Rg1 {[%clk 0:14:49]} g6
{[%clk 0:25:49]} 43. fxg6+ {[%clk 0:15:11]} Rxg6 {[%clk 0:26:07]} 44. Kf4
{[%clk 0:12:20]} Rh6 {[%clk 0:25:13]} 45. Kg3 {[%clk 0:09:35]} Bd7
{[%clk 0:17:54]} 46. Be3 {[%clk 0:09:16]} Rg6 {[%clk 0:15:38]} 47. Kf4
{[%clk 0:09:38]} Rg8 {[%clk 0:13:57]} 48. Kxe4 {[%clk 0:07:28]} Bxg4
{[%clk 0:13:12]} 49. Kf4 {[%clk 0:07:52]} f5 {[%clk 0:13:11]} 50. Rb1
{[%clk 0:07:39]} Re8 {[%clk 0:11:25]} 51. Bd4 {[%clk 0:07:54]} Kg6
{[%clk 0:06:03]} 52. Be5 {[%clk 0:06:09]} Be2 {[%clk 0:05:11]} 53. Rg1+
{[%clk 0:06:32]} Bg4 {[%clk 0:05:30]} 54. Rb1 {[%clk 0:06:57]} Be2
{[%clk 0:05:42]} 55. Rg1+ {[%clk 0:07:14]} Bg4 {[%clk 0:05:55]} 56. Rb1
{[%clk 0:07:36]} Be2 {[%clk 0:05:06]} 1/2-1/2

[Event "XLI Open Internacional de Barberà del Vallès "A""]
[Site "C/ Torre d’en Gorgs, nº 40, Barberà del Vallès (Barcelona)"]
[Date "2018.07.06"]
[Round "3.10"]
[White "Munoz, Miguel"]
[Black "Mitrabha, Guha"]
[Result "*"]
[WhiteElo "2500"]
[BlackElo "2299"]
[PlyCount "0"]
[EventDate "2018.07.04"]

1. e4 {[%clk 1:30:32]} c6 {[%clk 1:30:22]} 2. Nc3 {[%clk 1:30:48]} d5
{[%clk 1:30:47]} 3. Nf3 {[%clk 1:31:09]} dxe4 {[%clk 1:31:11]} 4. Nxe4
{[%clk 1:31:27]} Nf6 {[%clk 1:31:40]} 5. Nxf6+ {[%clk 1:31:45]} exf6
{[%clk 1:32:08]} 6. d4 {[%clk 1:32:13]} Bd6 {[%clk 1:32:31]} 7. Bd3
{[%clk 1:32:39]} O-O {[%clk 1:32:56]} 8. O-O {[%clk 1:32:50]} Bg4
{[%clk 1:33:23]} 9. c4 {[%clk 1:33:16]} Nd7 {[%clk 1:33:39]} 10. Bd2
{[%clk 1:33:24]} Re8 {[%clk 1:33:58]} 11. Re1 {[%clk 1:33:52]} Rxe1+
{[%clk 1:34:16]} 12. Bxe1 {[%clk 1:34:20]} Nf8 {[%clk 1:34:37]} 13. h3
{[%clk 1:30:12]} Bh5 {[%clk 1:35:02]} 14. Bf5 {[%clk 1:25:57]} Bc7
{[%clk 1:34:03]} 15. Bc3 {[%clk 1:07:23]} Qd6 {[%clk 1:34:15]} 16. c5
{[%clk 1:06:08]} Qd5 {[%clk 1:34:03]} 17. Qd3 {[%clk 1:05:27]} Bxf3
{[%clk 1:32:12]} 18. Qxf3 {[%clk 1:01:21]} Qxf3 {[%clk 1:32:39]} 19. gxf3
{[%clk 1:01:49]} Ne6 {[%clk 1:32:35]} 20. Re1 {[%clk 0:55:58]} Nf4
{[%clk 1:32:36]} 21. Re7 {[%clk 0:50:19]} Nd5 {[%clk 1:33:00]} 22. Rd7
{[%clk 0:50:48]} Kf8 {[%clk 1:33:12]} 23. Be4 {[%clk 0:51:08]} Ke8
{[%clk 1:33:14]} 24. Rxd5 {[%clk 0:51:32]} cxd5 {[%clk 1:33:43]} 25. Bxd5
{[%clk 0:52:01]} Rb8 {[%clk 1:34:06]} 26. b4 {[%clk 0:51:58]} b6 {[%clk 1:33:30]}
27. Kg2 {[%clk 0:46:03]} bxc5 {[%clk 1:31:33]} 28. bxc5 {[%clk 0:46:11]} Rb1
{[%clk 1:31:42]} 29. Bb3 {[%clk 0:46:28]} Bf4 {[%clk 1:30:50]} 30. d5
{[%clk 0:41:54]} Be5 {[%clk 1:30:34]} 31. Bb4 {[%clk 0:41:58]} Rc1
{[%clk 1:26:35]} 32. Ba4+ {[%clk 0:27:28]} Ke7 {[%clk 1:20:05]} 33. d6+
{[%clk 0:21:27]} Ke6 {[%clk 1:20:34]} 34. Ba5 Bc3 {[%clk 1:06:37]} 35. Bb3+
{[%clk 0:17:38]} Kd7 {[%clk 1:07:01]} 36. Ba4+ {[%clk 0:18:04]} Ke6 37. Bc7
{[%clk 0:08:16]} Be5 {[%clk 1:07:54]} 38. f4 {[%clk 0:08:30]} Bxf4
{[%clk 1:06:00]} 39. Bb8 {[%clk 0:04:39]} Rb1 {[%clk 1:03:22]} 40. Bb3+
{[%clk 0:02:55]} Kd7 {[%clk 1:03:51]} 41. Bxa7 {[%clk 0:02:02]} Kc6
{[%clk 1:03:10]} 42. Kf3 {[%clk 0:01:25]} Be5 {[%clk 1:02:46]} 43. Bc2
{[%clk 0:01:49]} Rb2 {[%clk 0:59:54]} 44. Be4+ {[%clk 0:02:17]} Kd7
{[%clk 1:00:18]} 45. Bf5+ {[%clk 0:02:03]} Ke8 {[%clk 0:57:46]} 46. Be4
{[%clk 0:01:34]} Kd7 {[%clk 0:53:03]} 47. a4 {[%clk 0:00:57]} g6 {[%clk 0:52:06]}
48. a5 {[%clk 0:01:25]} f5 {[%clk 0:52:22]} 49. Bd5 {[%clk 0:01:41]} Rb5
{[%clk 0:47:58]} 50. a6 {[%clk 0:01:58]} Bxd6 {[%clk 0:47:40]} 51. Bb6
{[%clk 0:02:24]} Rxc5 {[%clk 0:43:55]} 52. a7 {[%clk 0:02:52]} Rc3+
{[%clk 0:44:11]} 53. Be3 {[%clk 0:03:10]} Ra3 54. a8=Q {[%clk 0:03:32]} Rxa8
{[%clk 0:45:04]} 55. Bxa8 {[%clk 0:03:44]} Ke6 {[%clk 0:45:33]} 56. Bb7
{[%clk 0:03:43]} Be5 {[%clk 0:45:12]} 57. Bh6 {[%clk 0:03:49]} Kf6
{[%clk 0:45:08]} 58. h4 {[%clk 0:03:45]} Bd6 {[%clk 0:45:01]} 59. Bd5
{[%clk 0:04:02]} Bb4 {[%clk 0:44:52]} 60. Ke2 {[%clk 0:02:52]} Bd6
{[%clk 0:43:32]} 61. Kd3 {[%clk 0:02:14]} Ba3 {[%clk 0:42:46]} 62. Kc4
{[%clk 0:01:55]} Bd6 {[%clk 0:43:11]} 63. Kb5 {[%clk 0:01:45]} Ba3
{[%clk 0:43:30]} 64. Kc6 {[%clk 0:02:02]} Ke7 {[%clk 0:38:06]} 65. Bg5+
{[%clk 0:02:25]} Ke8 {[%clk 0:35:15]} 66. h5 {[%clk 0:01:33]} Bb4
{[%clk 0:34:35]} 67. h6 {[%clk 0:00:52]} Be7 {[%clk 0:33:14]} 68. Be3
{[%clk 0:00:52]} Ba3 {[%clk 0:32:32]} 69. Kc7 {[%clk 0:01:05]} Ke7
{[%clk 0:32:27]} 70. Bg5+ {[%clk 0:00:59]} f6 {[%clk 0:27:29]} 71. Be3
{[%clk 0:01:18]} Ke8 {[%clk 0:26:40]} 72. Bc6+ {[%clk 0:01:05]} Kf7
{[%clk 0:26:43]} 73. Kd8 {[%clk 0:00:44]} g5 {[%clk 0:26:44]} 74. Be8+
{[%clk 0:00:52]} Ke6 {[%clk 0:27:13]} 75. Bd7+ {[%clk 0:00:38]} Ke5
{[%clk 0:26:23]} 76. Ke8 {[%clk 0:01:06]} g4 {[%clk 0:24:50]} 77. Kf7
{[%clk 0:01:24]} f4 {[%clk 0:25:14]} 78. Bb6 f5 {[%clk 0:23:01]} 79. Bc7+
{[%clk 0:00:48]} Ke4 {[%clk 0:23:21]} 80. Bc6+ {[%clk 0:01:00]} Kd3
{[%clk 0:23:50]} 81. Bxf4 {[%clk 0:00:47]} Ke2 {[%clk 0:24:19]} 82. Be5
{[%clk 0:00:35]} Kxf2 {[%clk 0:24:38]} 83. Kg7 {[%clk 0:00:41]} g3
{[%clk 0:24:47]} 84. Kxh7 {[%clk 0:00:57]} Bc1 {[%clk 0:24:13]} 85. Kg6
{[%clk 0:00:42]} Bxh6 {[%clk 0:24:23]} 86. Kxh6 {[%clk 0:01:08]} g2
{[%clk 0:24:50]} 87. Bd4+ {[%clk 0:01:32]} Kg3 {[%clk 0:25:19]} 88. Kg5
{[%clk 0:00:48]} f4 {[%clk 0:25:48]} 89. Bg1 {[%clk 0:00:45]} f3 {[%clk 0:26:13]}
90. Be3 {[%clk 0:01:06]} g1=Q {[%clk 0:26:27]} 1/2-1/2